000 00562nam a2200217Ia 4500
003 OSt
005 20220927113523.0
006 a|||||r|||| 00| 0
007 ta
008 220926b |||||||| |||| 00| 0 eng d
024 _a78395
037 _cTextbook
040 _aRTL
_cRTL
_beng
041 _2eng
_aeng
082 _a"Y, H8/TD1"
100 _aRadcliffe-Brown A R
_9386112
245 0 _aNatural science of society
650 _aEssays Sociology
_9386113
942 _h"Y, H8/TD1"
_cCC
999 _c702231
_d702231